[Event "8. LGA Premium Cup 2011"]
[Site "Nürnberg"]
[Date "2011.09.10"]
[Round "4.61"]
[White "Laschenko, Sergej"]
[Black "Mihok, Laszlo"]
[Result "0-1"]
[WhiteElo "1881"]
[BlackElo "2097"]
[PlyCount "54"]
[EventDate "2011.??.??"]

1. e4 e5 2. Nf3 Nf6 3. Nxe5 d6 4. Nf3 Nxe4 5. d4 d5 6. Be2 Bd6 7. O-O O-O 8.
Be3 Bg4 9. Nfd2 Bxe2 10. Qxe2 Nd7 11. Nxe4 dxe4 12. f3 Qh4 13. g3 Qh5 14. Nc3
Rae8 15. fxe4 Qxe2 16. Nxe2 Rxe4 17. Rf3 Rfe8 18. Kf2 Nf6 19. h3 Nd5 20. Nc3
Rxe3 21. Rxe3 Nxe3 22. Re1 Bxg3+ 23. Kxg3 Nf5+ 24. Kf2 Rxe1 25. Kxe1 Nxd4 26.
Kd2 f5 27. Kd3 Ne6 0-1

[Event "8. LGA Premium Cup 2011"]
[Site "Nürnberg"]
[Date "2011.09.10"]
[Round "4.62"]
[White "Osmanovic, Faruk"]
[Black "Götz, Heiko"]
[Result "0-1"]
[WhiteElo "1979"]
[BlackElo "2112"]
[PlyCount "70"]
[EventDate "2011.??.??"]
[WhiteTeam "SC Blau.Turm Bad Wimpfen"]
[BlackTeam "SV Mendig-Mayen e.V."]

1. e4 e6 2. d3 d5 3. Qe2 c6 4. f4 Bc5 5. Nf3 dxe4 6. dxe4 Nf6 7. Be3 Nxe4 8.
Bxc5 Nxc5 9. Qe5 Qd5 10. Qxg7 Qe4+ 11. Be2 Rf8 12. Nbd2 Qxc2 13. O-O b6 14. b4
Ncd7 15. b5 Bb7 16. a4 a6 17. f5 Qxf5 18. bxc6 Nxc6 19. Kh1 Qg6 20. Qc3 Rg8 21.
Rf2 Qg7 22. Qa3 Qf8 23. Qb2 Qb4 24. Qc2 Qc5 25. Qxh7 Nf6 26. Qh4 Rg4 27. Qxf6
Qxf2 28. Bf1 Nd4 29. Re1 Nxf3 30. Nxf3 Bxf3 31. Qxf3 Qxf3 32. gxf3 Rxa4 33. Bd3
Ke7 34. Rc1 Rd8 35. Be4 Ra2 0-1

[Event "8. LGA Premium Cup 2011"]
[Site "Nürnberg"]
[Date "2011.09.10"]
[Round "4.63"]
[White "Werner, Thomas"]
[Black "Bolduan, Sebastian"]
[Result "1-0"]
[WhiteElo "1930"]
[BlackElo "2072"]
[PlyCount "91"]
[EventDate "2011.??.??"]
[WhiteTeam "SW Nürnberg Süd e.V."]
[BlackTeam "SC Noris-Tarrasch Nürnberg 1873"]

1. d4 Nf6 2. c4 g6 3. Nc3 Bg7 4. e4 d6 5. Nf3 O-O 6. Be2 e5 7. O-O Nc6 8. d5
Ne7 9. b4 c6 10. Re1 a5 11. bxa5 Qxa5 12. Bd2 Qd8 13. dxc6 bxc6 14. Bf1 Ne8 15.
c5 Be6 16. Ng5 Nc7 17. cxd6 Qxd6 18. Nxe6 Nxe6 19. Be3 Nd4 20. Qd3 Ra3 21. Bc1
Ra7 22. a4 Rd8 23. Ba3 Qc7 24. Ra2 Qa5 25. Rb1 Nb5 26. Qxd8+ Qxd8 27. axb5 cxb5
28. Nxb5 Rb7 29. Bc4 Nc8 30. Bd5 Rb8 31. Bc5 Nb6 32. Bxb6 Qxb6 33. g3 Bf8 34.
Nc3 Qc7 35. Rxb8 Qxb8 36. Kg2 Kg7 37. Nd1 Bc5 38. Rb2 Qd8 39. Rb7 Be7 40. Ne3
f6 41. h4 h5 42. Be6 Qd6 43. Nd5 Kf8 44. Rxe7 f5 45. Rf7+ Ke8 46. Nf6+ 1-0

[Event "8. LGA Premium Cup 2011"]
[Site "Nürnberg"]
[Date "2011.09.10"]
[Round "4.64"]
[White "Eiber, Manfred"]
[Black "Straschewski, Jörg"]
[Result "1/2-1/2"]
[WhiteElo "2121"]
[BlackElo "1907"]
[PlyCount "83"]
[EventDate "2011.??.??"]
[WhiteTeam "SW Nürnberg Süd e.V."]
[BlackTeam "TSV Cadolzburg e.V."]

1. d4 Nf6 2. Bg5 Ne4 3. Bf4 c5 4. f3 Qa5+ 5. c3 Nf6 6. d5 e6 7. e4 exd5 8. exd5
d6 9. Qe2+ Be7 10. Bxd6 Nxd5 11. Bxe7 Nxe7 12. Qb5+ Nbc6 13. Qxa5 Nxa5 14. Bb5+
Nac6 15. Nd2 O-O 16. Ne4 b6 17. Ne2 Bf5 18. Nd6 Ne5 19. Nxf5 Nxf5 20. f4 a6 21.
Bxa6 Rxa6 22. fxe5 Re8 23. Kf2 Rxe5 24. Rhe1 f6 25. Ng3 Rxe1 26. Kxe1 Nxg3 27.
hxg3 Kf7 28. Kd2 f5 29. Kd3 b5 30. c4 b4 31. Ke3 g5 32. a4 bxa3 33. bxa3 Ra4
34. Kd3 Ke6 35. Kc3 f4 36. g4 Kd6 37. Rd1+ Kc6 38. Kb3 Ra7 39. Rd5 h6 40. Rf5
Rb7+ 41. Kc3 Re7 42. Rd5 1/2-1/2

[Event "8. LGA Premium Cup 2011"]
[Site "Nürnberg"]
[Date "2011.09.10"]
[Round "4.65"]
[White "Karasek, Christian"]
[Black "Millikan, Erlend"]
[Result "1/2-1/2"]
[WhiteElo "2038"]
[BlackElo "1741"]
[PlyCount "80"]
[EventDate "2011.??.??"]
[WhiteTeam "SC Noris-Tarrasch Nürnberg 1873"]

1. e4 e5 2. Nf3 Nf6 3. Nxe5 d6 4. Nf3 Nxe4 5. Nc3 Nxc3 6. dxc3 Be7 7. Bf4 Nc6
8. Qd2 Be6 9. Ng5 Qd7 10. Be2 Bxg5 11. Bxg5 f6 12. Be3 a6 13. c4 O-O-O 14. Qc3
d5 15. cxd5 Bxd5 16. O-O-O Qf7 17. Rhg1 Be4 18. Bc4 Bd5 19. Bd3 Ne5 20. Be2 Bc4
21. Bxc4 Qxc4 22. Qxc4 Nxc4 23. Bf4 Rhe8 24. b3 Nb6 25. Rxd8+ Kxd8 26. Rd1+ Kc8
27. c4 Re2 28. Rd2 Rxd2 29. Kxd2 Kd7 30. Kd3 c6 31. Kd4 Ke6 32. g4 Nd7 33. h4
f5 34. g5 Ke7 35. Bc1 Ke6 36. f4 Ke7 37. Bb2 Ke6 38. Ba3 Kf7 39. Bb2 Ke6 40.
Bc3 Ke7 1/2-1/2

[Event "8. LGA Premium Cup 2011"]
[Site "Nürnberg"]
[Date "2011.09.10"]
[Round "4.66"]
[White "Stein, Marco"]
[Black "Hartmann, Thomas"]
[Result "1-0"]
[WhiteElo "2046"]
[BlackElo "1932"]
[PlyCount "36"]
[EventDate "2011.??.??"]
[WhiteTeam "SV Alsfeld"]
[BlackTeam "SC Weisse Dame Ulm e.V."]

1. d4 Nf6 2. c4 e6 3. g3 d5 4. Nf3 dxc4 5. Bg2 Nc6 6. O-O Rb8 7. Qc2 b5 8. b3
Nb4 9. Qb2 cxb3 10. Qxb3 Be7 11. Bg5 a5 12. Nc3 Bd7 13. Ne5 Rb6 14. a4 Nfd5 15.
Bxe7 Nxe7 16. axb5 Ned5 17. Nxd5 Nxd5 18. Rxa5 c6 1-0

[Event "8. LGA Premium Cup 2011"]
[Site "Nürnberg"]
[Date "2011.09.10"]
[Round "4.67"]
[White "Süß, Helmut"]
[Black "Klek, Hanna-Marie"]
[Result "0-1"]
[WhiteElo "1871"]
[BlackElo "2160"]
[PlyCount "104"]
[EventDate "2011.??.??"]
[WhiteTeam "SC Noris-Tarrasch Nürnberg 1873"]
[BlackTeam "SC Erlangen 48/88 e.V."]

1. d4 g6 2. c4 Bg7 3. Nc3 d6 4. e4 Nf6 5. Nf3 O-O 6. h3 c5 7. d5 e6 8. Be3 Qa5
9. Bd3 exd5 10. exd5 b5 11. O-O bxc4 12. Bxc4 Ba6 13. Bxa6 Nxa6 14. Qd2 Rab8
15. Rab1 Nc7 16. Rfd1 Rb6 17. b3 Ra6 18. Rbc1 Re8 19. Rc2 Qb4 20. Qd3 Qb7 21.
Rcd2 Rb6 22. Bf4 Na6 23. Re2 Rxe2 24. Qxe2 Nc7 25. Qe7 Nce8 26. Qxb7 Rxb7 27.
Re1 Kf8 28. Bh2 Re7 29. Nb5 Rd7 30. Rd1 a6 31. Na3 Ne4 32. Nc4 Nc3 33. Rd2 Bh6
34. Nb6 Rb7 35. Rc2 Rxb6 36. Rxc3 Nf6 37. Rd3 c4 38. Rc3 cxb3 39. Rxb3 Rxb3 40.
axb3 Ke7 41. Kf1 Nxd5 42. Bg3 Kd7 43. Bh4 Kc6 44. Ng5 Bxg5 45. Bxg5 Kc5 46. Bd2
Kd4 47. Ke2 Nc3+ 48. Ke1 Kd3 49. Bf4 d5 50. Bd6 Kc2 51. b4 d4 52. f3 Nd5 0-1

[Event "8. LGA Premium Cup 2011"]
[Site "Nürnberg"]
[Date "2011.09.10"]
[Round "4.69"]
[White "Mehringer, Jörg"]
[Black "Kvetny, Mark"]
[Result "0-1"]
[WhiteElo "1908"]
[BlackElo "2157"]
[PlyCount "94"]
[EventDate "2011.??.??"]
[WhiteTeam "SC Weisse Dame e.V."]
[BlackTeam "Stuttgarter SF 1879"]

1. e4 c5 2. g3 d5 3. exd5 Qxd5 4. Nf3 Nc6 5. Nc3 Qd8 6. Bg2 Nf6 7. O-O Bg4 8.
d3 e6 9. Bf4 Be7 10. Qd2 O-O 11. Ne5 Nxe5 12. Bxe5 Qd7 13. Qf4 Bf5 14. Ne4 Nd5
15. Qf3 f6 16. Bc3 Rad8 17. Bd2 b6 18. a3 e5 19. Nc3 Nc7 20. Qb7 c4 21. Be3
cxd3 22. cxd3 Ne6 23. Qxd7 Rxd7 24. Rfd1 Rfd8 25. Rd2 Rxd3 26. Rxd3 Bxd3 27.
Rd1 Bc4 28. Rxd8+ Nxd8 29. Be4 g6 30. Nd5 Kf7 31. Nxe7 Kxe7 32. Bd2 Ke6 33. Bc2
Nc6 34. f3 Nd4 35. Bd1 Bb3 36. Bxb3+ Nxb3 37. Bc3 Nc5 38. Kf2 Na4 39. Ke3 Nxc3
40. bxc3 Kd5 41. Kd3 b5 42. h4 f5 43. g4 a5 44. gxf5 gxf5 45. h5 h6 46. Kd2 Kc4
47. Kc2 a4 0-1

[Event "8. LGA Premium Cup 2011"]
[Site "Nürnberg"]
[Date "2011.09.10"]
[Round "4.71"]
[White "Neumann, Robert"]
[Black "Hund, Gerhard"]
[Result "0-1"]
[WhiteElo "1810"]
[BlackElo "1987"]
[PlyCount "107"]
[EventDate "2011.??.??"]
[WhiteTeam "SC Noris-Tarrasch Nürnberg 1873"]
[BlackTeam "SK Mering"]

1. c4 e5 2. g3 c6 3. d4 Bb4+ 4. Nc3 exd4 5. Qxd4 Qf6 6. Qxf6 Nxf6 7. Bd2 O-O 8.
Bg2 d6 9. Nf3 Re8 10. a3 Ba5 11. O-O Bb6 12. Bf4 Ne4 13. Nxe4 Rxe4 14. Bxd6
Rxc4 15. Rac1 Be6 16. e3 f6 17. Nd2 Rxc1 18. Rxc1 Na6 19. Ne4 Rd8 20. Bf4 Nc5
21. Nxc5 Bxc5 22. h4 Bb6 23. e4 Bd4 24. Rc2 c5 25. Rd2 Rc8 26. Kf1 Bc4+ 27. Ke1
Re8 28. Kd1 Bb3+ 29. Kc1 b6 30. Rd3 Bc4 31. Rd2 Kf7 32. Kc2 Be6 33. Bf1 h6 34.
Bb5 Rc8 35. Ba6 Rh8 36. h5 Ke7 37. f3 f5 38. exf5 Bxf5+ 39. Kd1 Kf6 40. Re2 Be6
41. Bb7 Bc4 42. Rd2 Bb3+ 43. Kc1 Re8 44. Be4 a6 45. Rd3 Bc4 46. Rd2 b5 47. Kc2
Bf7 48. g4 Be6 49. Bg6 Re7 50. Bg3 Kg5 51. Rh2 Ra7 52. Re2 Bd5 53. Rd2 Bxf3 54.
Bf5 0-1

[Event "8. LGA Premium Cup 2011"]
[Site "Nürnberg"]
[Date "2011.09.10"]
[Round "4.72"]
[White "Miller, Eduard"]
[Black "Feldheim, Jonas"]
[Result "1/2-1/2"]
[WhiteElo "2134"]
[BlackElo "1987"]
[PlyCount "80"]
[EventDate "2011.??.??"]
[WhiteTeam "SC Forchheim e.V."]
[BlackTeam "SC Erlangen 48/88 e.V."]

1. d4 d5 2. c4 c5 3. cxd5 Nf6 4. Nc3 Nxd5 5. e4 Nxc3 6. bxc3 cxd4 7. cxd4 e5 8.
d5 Bd6 9. Bd3 Nd7 10. Ne2 O-O 11. O-O Nc5 12. Be3 f5 13. exf5 Nxd3 14. Qxd3
Bxf5 15. Qb3 Qe7 16. Ng3 Bg6 17. Rfe1 h5 18. f3 h4 19. Ne4 h3 20. Nxd6 Qxd6 21.
Rac1 Bf7 22. Bc5 Qg6 23. g3 Rfe8 24. Rcd1 b6 25. Bf2 e4 26. Rd4 exf3 27. Red1
Rad8 28. Qxf3 Rd6 29. Be3 Red8 30. R4d2 Qf6 31. Qxf6 gxf6 32. Kf2 Rxd5 33. Rxd5
Rxd5 34. Rxd5 Bxd5 35. a3 f5 36. Bf4 Kf7 37. Ke3 Ba2 38. Kd4 Ke6 39. g4 fxg4
40. Kc3 Kd5 1/2-1/2

[Event "8. LGA Premium Cup 2011"]
[Site "Nürnberg"]
[Date "2011.09.10"]
[Round "4.73"]
[White "Rausch, Wolfgang sr"]
[Black "Walter, Thomas"]
[Result "1-0"]
[WhiteElo "1863"]
[BlackElo "2081"]
[PlyCount "137"]
[EventDate "2011.??.??"]
[WhiteTeam "SC Noris-Tarrasch Nürnberg 1873"]
[BlackTeam "SC Erlangen 48/88 e.V."]

1. c4 b6 2. Nc3 Bb7 3. Nf3 Nf6 4. d4 d5 5. cxd5 Nxd5 6. g3 e6 7. Bg2 Be7 8. O-O
O-O 9. Re1 Nxc3 10. bxc3 c5 11. Be3 Nd7 12. Qd2 cxd4 13. cxd4 Nf6 14. Qb2 Rc8
15. Rac1 Rxc1 16. Rxc1 Qa8 17. Ne1 Bxg2 18. Nxg2 Rc8 19. f3 Rc6 20. Ne1 Nd5 21.
Bd2 Qc8 22. Nd3 Rxc1+ 23. Bxc1 Qc4 24. Ne5 Qa4 25. e4 Nb4 26. Qc3 h5 27. Qc7
Qd1+ 28. Kg2 Qe2+ 29. Kg1 Qe1+ 30. Kg2 Qe2+ 31. Kg1 Qd1+ 32. Kg2 Qc2+ 33. Qxc2
Nxc2 34. Nc6 Bd6 35. Nxa7 Nxd4 36. Be3 Bc5 37. Bxd4 Bxd4 38. Nc6 Bc3 39. Na7
Kf8 40. Nb5 Bb4 41. Nd4 Ke8 42. Kf1 Kd7 43. Ke2 g6 44. Kd3 e5 45. Nb5 h4 46.
Nc3 h3 47. Ne2 Bc5 48. Kc4 Ke6 49. Kb5 Bf2 50. a4 f5 51. Kc6 Be3 52. Kb5 Kd6
53. Kc4 Kc6 54. Kb4 Bf2 55. Kc4 Be1 56. exf5 gxf5 57. g4 e4 58. gxf5 exf3 59.
Nd4+ Kd6 60. Nxf3 Bf2 61. Ng5 Bg1 62. Nxh3 Bxh2 63. Kb5 Ke5 64. Kxb6 Kxf5 65.
Kc6 Ke4 66. a5 Bb8 67. a6 Ba7 68. Ng5+ Kd4 69. Kb7 1-0

[Event "8. LGA Premium Cup 2011"]
[Site "Nürnberg"]
[Date "2011.09.10"]
[Round "4.74"]
[White "Arnold, Max"]
[Black "Ortpaul, Mario"]
[Result "1-0"]
[WhiteElo "2126"]
[BlackElo "1914"]
[PlyCount "45"]
[EventDate "2011.??.??"]
[WhiteTeam "SF Pfalzgrafenweiler"]
[BlackTeam "SK Werther"]

1. e4 c5 2. Nf3 Nc6 3. Bb5 Nd4 4. Nxd4 cxd4 5. O-O a6 6. Ba4 b5 7. Bb3 Bb7 8.
Re1 Nf6 9. d3 g6 10. c3 dxc3 11. Nxc3 d6 12. a4 b4 13. Nd5 Nxd5 14. exd5 Bg7
15. Bg5 f6 16. Bd2 a5 17. Qe2 Qd7 18. Rac1 Kf7 19. Qe6+ Ke8 20. Bc4 Qxe6 21.
dxe6 f5 22. Bb5+ Kd8 23. Be3 1-0

[Event "8. LGA Premium Cup 2011"]
[Site "Nürnberg"]
[Date "2011.09.10"]
[Round "4.75"]
[White "Dippel, Jörg"]
[Black "Hirschinger, Thomas"]
[Result "0-1"]
[WhiteElo "1860"]
[BlackElo "2029"]
[PlyCount "70"]
[EventDate "2011.??.??"]

1. e4 d6 2. d4 Nf6 3. Nc3 Nbd7 4. Be3 e5 5. Nf3 Be7 6. h3 c6 7. Be2 b6 8. O-O
Bb7 9. dxe5 dxe5 10. Ne1 O-O 11. Nd3 Qc7 12. Qe1 Rfe8 13. f3 Ba6 14. Rd1 Rad8
15. g4 Bxd3 16. Bxd3 Bc5 17. Bxc5 Nxc5 18. Bc4 Ne6 19. Bxe6 Rxe6 20. Qe2 Red6
21. Rxd6 Qxd6 22. Kg2 Qb4 23. Rd1 Rd4 24. Rxd4 exd4 25. Nd1 Qe7 26. Nf2 Nd5 27.
Qd2 Ne3+ 28. Kh1 Qe5 29. Nd1 Nxd1 30. Qxd1 Qg3 31. Qf1 c5 32. a4 c4 33. b3 d3
34. cxd3 cxb3 35. d4 b2 0-1

[Event "8. LGA Premium Cup 2011"]
[Site "Nürnberg"]
[Date "2011.09.10"]
[Round "4.76"]
[White "Hirschberg, Leander"]
[Black "Krah, Michael"]
[Result "0-1"]
[WhiteElo "1745"]
[BlackElo "1999"]
[PlyCount "50"]
[EventDate "2011.??.??"]
[WhiteTeam "SV Pfinztal e. V."]
[BlackTeam "SV Alsfeld"]

1. e4 d6 2. d4 Nf6 3. Nc3 e5 4. dxe5 dxe5 5. Qxd8+ Kxd8 6. Bg5 Be6 7. O-O-O+
Nbd7 8. Nf3 Kc8 9. Bxf6 gxf6 10. Nd2 Nb6 11. Nb3 a5 12. a3 a4 13. Nd2 Bh6 14.
Kb1 Rg8 15. f3 f5 16. g3 fxe4 17. Ndxe4 Ra5 18. Nf6 Rg6 19. Nxh7 Bg7 20. Bd3 e4
21. Nxe4 f5 22. Neg5 Bd7 23. g4 Nd5 24. Rhe1 Rb6 25. Bxf5 Bxf5 0-1

[Event "8. LGA Premium Cup 2011"]
[Site "Nürnberg"]
[Date "2011.09.10"]
[Round "4.77"]
[White "Leis, Stefan"]
[Black "Schlötterer, Hermann"]
[Result "0-1"]
[WhiteElo "1909"]
[BlackElo "1806"]
[PlyCount "138"]
[EventDate "2011.??.??"]
[WhiteTeam "SC Mühlhof-Reichelsdorf e.V."]
[BlackTeam "SC Noris-Tarrasch Nürnberg 1873"]

1. d4 Nf6 2. Nc3 c5 3. Nf3 cxd4 4. Nxd4 g6 5. e4 d6 6. Be3 Bg7 7. Be2 O-O 8.
O-O Nbd7 9. f4 a6 10. Bf3 e5 11. Nde2 exf4 12. Nxf4 Ne5 13. Bd4 b5 14. a3 Bb7
15. Qe2 Rc8 16. Rad1 Nfd7 17. Ncd5 Rc4 18. c3 Re8 19. Qf2 Nxf3+ 20. Qxf3 Ne5
21. Qg3 Kh8 22. b3 Rc8 23. Nh5 Bxd5 24. Nxg7 Kxg7 25. exd5 f6 26. Rd2 Qd7 27.
Rdf2 Rf8 28. h3 Rf7 29. Qh4 Rcf8 30. g4 Qe7 31. Qg3 Qd7 32. h4 Nxg4 33. Re2 h5
34. Re6 Ne5 35. Rf2 Kh7 36. Qh3 Ng4 37. Rfe2 Ne5 38. Qg3 Rg8 39. Qf4 Re8 40.
Rxf6 Rxf6 41. Qxf6 Qg4+ 42. Kf1 Qxe2+ 43. Kxe2 Ng4+ 44. Kd3 Nxf6 45. Bxf6 Kg8
46. c4 Kf7 47. Bg5 Rc8 48. Kc3 a5 49. Kd3 bxc4+ 50. bxc4 Rb8 51. Bf4 Rb6 52.
Kd4 Ke7 53. c5 dxc5+ 54. Kxc5 Rb3 55. Bd2 a4 56. Kc6 Ke8 57. d6 Rd3 58. Bb4 Rd4
59. Bc5 Rd1 60. Kc7 Rd2 61. Kc6 Kd8 62. Bb6+ Kc8 63. Ba5 Rd1 64. Bb6 Rc1+ 65.
Bc5 Rc2 66. d7+ Kd8 67. Kd6 Rxc5 68. Kxc5 Kxd7 69. Kd5 Ke7 0-1

[Event "8. LGA Premium Cup 2011"]
[Site "Nürnberg"]
[Date "2011.09.10"]
[Round "4.79"]
[White "Duensing, Hartwig"]
[Black "Fiedler, Wolfgang"]
[Result "1/2-1/2"]
[WhiteElo "1629"]
[BlackElo "1959"]
[PlyCount "95"]
[EventDate "2011.??.??"]
[WhiteTeam "Krostitzer SV"]
[BlackTeam "SC Forchheim e.V."]

1. e4 g6 2. d4 Bg7 3. Nf3 d6 4. Bf4 b6 5. c3 c6 6. Bd3 Ba6 7. O-O Qc8 8. h3
Bxd3 9. Qxd3 Na6 10. Re1 Nc7 11. Na3 Qd7 12. Rad1 O-O-O 13. Qe2 f6 14. e5 d5
15. e6 Qe8 16. Bxc7 Kxc7 17. Qa6 Ra8 18. b4 Qc8 19. Qe2 b5 20. Nc2 Nh6 21. Ra1
Nf5 22. a4 a6 23. axb5 axb5 24. Rxa8 Qxa8 25. Ra1 Qb7 26. Qe1 Ra8 27. Nd2 Bh6
28. g3 Bxd2 29. Qxd2 Rxa1+ 30. Nxa1 Qa8 31. Nb3 Nd6 32. Nc5 Ne4 33. Nxe4 dxe4
34. Qf4+ Kb6 35. Qxe4 Qa1+ 36. Kg2 Qxc3 37. Qf4 Kb7 38. Qh6 Qxb4 39. Qxh7 g5
40. h4 gxh4 41. gxh4 Kc7 42. Qd3 Kd6 43. h5 Kxe6 44. Qg6 Qxd4 45. h6 Qd5+ 46.
Kh2 Qd6+ 47. Kg2 Qd5+ 48. Kh2 1/2-1/2

[Event "8. LGA Premium Cup 2011"]
[Site "Nürnberg"]
[Date "2011.09.10"]
[Round "4.80"]
[White "Perner, Wolfgang"]
[Black "Wolf, Richard"]
[Result "0-1"]
[WhiteElo "1794"]
[BlackElo "2159"]
[PlyCount "56"]
[EventDate "2011.??.??"]
[WhiteTeam "SF Bad Reichenhall"]
[BlackTeam "SK Schweinfurt 2000 e.V."]

1. e4 c5 2. Nc3 d6 3. g3 Nc6 4. Bg2 g6 5. d3 Bg7 6. Be3 e6 7. Qd2 Rb8 8. Nge2
Nd4 9. O-O b5 10. Nd1 Ne7 11. c3 Nxe2+ 12. Qxe2 b4 13. Qd2 O-O 14. Bh6 bxc3 15.
bxc3 d5 16. Bxg7 Kxg7 17. e5 d4 18. c4 f6 19. Qf4 f5 20. h4 h6 21. Bf3 Bd7 22.
Re1 Nc6 23. Qd2 f4 24. Qe2 Rf5 25. Be4 Rxe5 26. gxf4 Rh5 27. Bxg6 Rxh4 28. Be4
Qf6 0-1

[Event "8. LGA Premium Cup 2011"]
[Site "Nürnberg"]
[Date "2011.09.10"]
[Round "4.81"]
[White "Sieber, Heiko"]
[Black "Braun, Michael"]
[Result "0-1"]
[WhiteElo "1921"]
[BlackElo "1871"]
[PlyCount "70"]
[EventDate "2011.??.??"]
[WhiteTeam "PTSV SK Hof 1892"]
[BlackTeam "SG Büchenbach/Roth e.V."]

1. d4 d5 2. Nf3 Nf6 3. c4 c6 4. Nc3 a6 5. cxd5 cxd5 6. g3 e6 7. Bg2 Nc6 8. O-O
Be7 9. Re1 b5 10. e4 dxe4 11. Nxe4 Bb7 12. Ne5 Nd5 13. Nc5 Bxc5 14. dxc5 Nxe5
15. Rxe5 Qc7 16. Qd4 O-O-O 17. Re1 Nf6 18. Bxb7+ Kxb7 19. Qc3 Rd5 20. b4 Rhd8
21. a4 Rd3 22. Qb2 bxa4 23. Rxa4 Qc6 24. Ra1 Ne4 25. Qxg7 R8d7 26. Bf4 Nxf2 27.
Kxf2 Qf3+ 28. Kg1 Rd2 29. c6+ Kxc6 30. Bxd2 Rxd2 31. Rxe6+ Kd7 32. Re7+ Kxe7
33. Re1+ Kd7 34. Re7+ Kxe7 35. Qe5+ Kd7 0-1

[Event "8. LGA Premium Cup 2011"]
[Site "Nürnberg"]
[Date "2011.09.10"]
[Round "4.82"]
[White "Baumann, Mathias"]
[Black "Schweisgut, Jens"]
[Result "1-0"]
[WhiteElo "1859"]
[BlackElo "1662"]
[PlyCount "87"]
[EventDate "2011.??.??"]
[WhiteTeam "Spvg Zabo-Eintracht Nürnberg e.V"]
[BlackTeam "SV Alsfeld"]

1. Nf3 Nf6 2. d4 d5 3. c4 e6 4. Bg5 Be7 5. e3 O-O 6. Nc3 Nc6 7. a3 dxc4 8. Bxc4
Nd5 9. Bxe7 Ncxe7 10. Qc2 Nxc3 11. Qxc3 Nd5 12. Qc2 h6 13. Rc1 c6 14. h4 f5 15.
Ne5 Qf6 16. Qe2 Ne7 17. f4 Ng6 18. Nf3 Qd8 19. h5 Nh8 20. Ne5 Nf7 21. Ng6 Re8
22. g4 Nd6 23. Bd3 fxg4 24. Ne5 g3 25. Qg4 Nf5 26. Ke2 Qf6 27. Be4 Re7 28. Rc5
Bd7 29. Nxd7 Rxd7 30. Bxf5 exf5 31. Rxf5 Qd8 32. Rg1 Qb6 33. Rxg3 Rad8 34. Rf6
Qb5+ 35. Kf2 Qxb2+ 36. Kf3 Qb3 37. Rxh6 Qd5+ 38. Kf2 Qa2+ 39. Kg1 Qxa3 40. Rg6
Qe7 41. h6 Qf8 42. Qe6+ Kh8 43. hxg7+ Rxg7 44. Rxg7 1-0

[Event "8. LGA Premium Cup 2011"]
[Site "Nürnberg"]
[Date "2011.09.10"]
[Round "4.83"]
[White "Beesk, Kevin"]
[Black "Adler, Herbert"]
[Result "0-1"]
[WhiteElo "1673"]
[BlackElo "1875"]
[PlyCount "156"]
[EventDate "2011.??.??"]
[WhiteTeam "SK Neumarkt e.V."]
[BlackTeam "SG Büchenbach/Roth e.V."]

1. Nc3 d5 2. e4 dxe4 3. Nxe4 Bf5 4. Ng3 Bg6 5. Bc4 e6 6. Nf3 h6 7. O-O Nd7 8.
Re1 Ngf6 9. d4 Be7 10. b3 O-O 11. Bb2 c6 12. Bd3 Bxd3 13. Qxd3 Qc7 14. c4 Rfd8
15. Qe2 Bd6 16. Rac1 Bf4 17. Rc2 Rac8 18. Rd1 Qa5 19. Bc3 Qa6 20. Nf1 b6 21. g3
Bd6 22. Ne3 Qb7 23. Ne5 Be7 24. Qf3 Rc7 25. Nxd7 Rcxd7 26. Rcd2 Qc7 27. Kf1 b5
28. Ke1 h5 29. h3 a6 30. g4 b4 31. Ba1 hxg4 32. hxg4 Ne8 33. d5 exd5 34. cxd5
c5 35. Nc4 Bf6 36. Bxf6 Nxf6 37. Kf1 Qb7 38. Ne3 Ne8 39. Kg2 Nc7 40. d6 Qxf3+
41. Kxf3 Nb5 42. Nc4 f6 43. Kf4 Kf7 44. Nb6 Rxd6 45. Rxd6 Rxd6 46. Rxd6 Nxd6
47. g5 fxg5+ 48. Kxg5 Ne4+ 49. Kf4 Nxf2 50. Ke3 Nd1+ 51. Kd3 Nc3 52. Kc4 Ke6
53. Kxc5 Nxa2 54. Nc4 g5 55. Ne3 Ke5 56. Ng4+ Kf4 57. Nf2 Ke3 58. Nh3 g4 59.
Ng5 Kd3 60. Kb6 Kc3 61. Kxa6 Kxb3 62. Kb5 g3 63. Kc5 g2 64. Nf3 Nc3 65. Ng1
Na4+ 66. Kd4 Kc2 67. Nf3 b3 68. Ne1+ Kc1 69. Nxg2 b2 70. Nf4 b1=Q 71. Ke3 Qb3+
72. Kf2 Kd2 73. Kg2 Nc5 74. Kh2 Ne4 75. Ng2 Qf3 76. Kh1 Ke2 77. Kg1 Qg3 78. Kh1
Kf2 0-1

[Event "8. LGA Premium Cup 2011"]
[Site "Nürnberg"]
[Date "2011.09.10"]
[Round "4.84"]
[White "Meulner, Fabian"]
[Black "Berger, Stefan"]
[Result "1/2-1/2"]
[WhiteElo "1712"]
[BlackElo "2009"]
[PlyCount "100"]
[EventDate "2011.??.??"]
[WhiteTeam "SW Nürnberg Süd e.V."]
[BlackTeam "SC Réti"]

1. d4 d5 2. c4 c6 3. Nf3 Nf6 4. e3 Bg4 5. Qb3 Qb6 6. Ne5 Bf5 7. Nc3 e6 8. Bd2
Nbd7 9. Nxd7 Nxd7 10. Be2 Be7 11. O-O O-O 12. Rac1 Nf6 13. Rfd1 Rab8 14. Qxb6
axb6 15. cxd5 exd5 16. Bf3 b5 17. a4 bxa4 18. Nxa4 Ne4 19. Be1 Ra8 20. Bxe4
dxe4 21. Nc3 Rfd8 22. Ra1 Bg4 23. Rdc1 f5 24. h3 Bh5 25. Rab1 Bf7 26. b4 b6 27.
Ne2 Be8 28. Ng3 g6 29. Nf1 Kf7 30. Nd2 Rab8 31. Nc4 Bd6 32. Ra1 Rb7 33. Ra8 Bb8
34. Rca1 Ke7 35. R8a6 Bc7 36. Ra7 Rdb8 37. f4 exf3 38. Bh4+ Kd7 39. gxf3 Bf7
40. Ne5+ Bxe5 41. dxe5 Bd5 42. f4 c5 43. bxc5 bxc5 44. R1a6 Rxa7 45. Rxa7+ Rb7
46. Ra6 Rb1+ 47. Kf2 Rf1+ 48. Kxf1 Bc4+ 49. Ke1 Bxa6 50. Bf2 Bd3 1/2-1/2

[Event "8. LGA Premium Cup 2011"]
[Site "Nürnberg"]
[Date "2011.09.10"]
[Round "4.85"]
[White "Pfadenhauer, Tobias"]
[Black "Luther, Helmut"]
[Result "1/2-1/2"]
[WhiteElo "1749"]
[BlackElo "1878"]
[PlyCount "55"]
[EventDate "2011.??.??"]
[WhiteTeam "Kronacher SK 1882 e.V."]
[BlackTeam "SW Nürnberg Süd e.V."]

1. d4 d5 2. Nf3 Nf6 3. e3 g6 4. Nbd2 Bg7 5. Be2 O-O 6. b3 c5 7. Bb2 cxd4 8.
exd4 Nc6 9. O-O b6 10. Ne5 Bb7 11. f4 e6 12. Ndf3 Ne4 13. Ba3 Re8 14. Bd3 Rc8
15. Qe1 f5 16. Nxc6 Bxc6 17. Ne5 Qc7 18. b4 b5 19. Bb2 a6 20. a4 Rb8 21. Nxc6
Qxc6 22. axb5 axb5 23. Ra5 Rec8 24. Qe3 Qd6 25. Qe1 Qd7 26. Qe3 Qd6 27. Qe1 Qd7
28. Qe3 1/2-1/2

[Event "8. LGA Premium Cup 2011"]
[Site "Nürnberg"]
[Date "2011.09.10"]
[Round "4.86"]
[White "Zeug, Klaus-Peter"]
[Black "Süß, Stefan"]
[Result "0-1"]
[WhiteElo "1496"]
[BlackElo "1864"]
[PlyCount "80"]
[EventDate "2011.??.??"]
[WhiteTeam "SK Nürnberg 1911 e.V."]
[BlackTeam "SC Noris-Tarrasch Nürnberg 1873"]

1. e4 c5 2. Nc3 Nc6 3. f4 e6 4. Nf3 d6 5. Bb5 Qb6 6. O-O Nf6 7. d3 a6 8. Bxc6+
Qxc6 9. Qe1 b5 10. a3 Be7 11. e5 Nd7 12. Qg3 g6 13. Bd2 h5 14. Qe1 Bb7 15. exd6
Bxd6 16. Ne4 Be7 17. Bc3 Rg8 18. Qe2 a5 19. Rad1 b4 20. axb4 axb4 21. Bd2 h4
22. h3 Nf6 23. Ne5 Qd5 24. Nxf6+ Bxf6 25. Ra1 Rxa1 26. Rxa1 g5 27. c3 gxf4 28.
Ng4 Be7 29. Bxf4 e5 30. Bxe5 f5 31. Nf6+ Bxf6 32. Bxf6+ Kf7 33. Qe7+ Kg6 34.
Qe2 Kxf6 35. Ra7 Rxg2+ 36. Kf1 Rxe2 37. Kxe2 Qf3+ 38. Kd2 Qf2+ 39. Kc1 b3 40.
Rxb7 Qc2# 0-1

[Event "8. LGA Premium Cup 2011"]
[Site "Nürnberg"]
[Date "2011.09.10"]
[Round "4.87"]
[White "Renner, Gabriele"]
[Black "Münzenberg, Dietrich"]
[Result "1-0"]
[WhiteElo "1838"]
[BlackElo "1598"]
[PlyCount "65"]
[EventDate "2011.??.??"]
[WhiteTeam "FC Bayern München e.V."]
[BlackTeam "Spvg Zabo-Eintracht Nürnberg e.V"]

1. e4 c5 2. Nc3 Nc6 3. g3 e6 4. Bg2 d6 5. d3 g6 6. Be3 Bg7 7. Qd2 Qb6 8. Nge2
Nd4 9. Rb1 Bd7 10. O-O Ne7 11. a3 O-O 12. b4 Qa6 13. bxc5 dxc5 14. Nd1 Bc6 15.
Nb2 Rfd8 16. Bg5 f6 17. Be3 Rd7 18. Nf4 Kf7 19. c3 Nb3 20. Qc2 Na5 21. Bxc5 b6
22. Be3 Rad8 23. Rfd1 e5 24. Ne2 f5 25. exf5 Nxf5 26. Bxc6 Nxc6 27. Qb3+ Kf8
28. Bg5 Nce7 29. Re1 h6 30. Bxe7+ Rxe7 31. d4 exd4 32. Nf4 Rxe1+ 33. Rxe1 1-0